000 00541nam a2200205Ia 4500
003 GCL
008 140319s9999 xx 000 0 eng d
040 _aGCL /
_cGCL
082 0 4 _a688.4
_bW L
100 1 _aWEERT, ADVAN
245 1 0 _aTHE LEGEND OF THE LIGHTER /
_cWEERT, ADVAN
700 1 _aBROMET, JOOP
700 1 _aWEERT, ALLICE VAN
260 _a[S.N] :
_bABBEVILLE PRESS PUBLISHERS ،
_c1995
300 _a192 P
650 0 4 _aالادب السويسرى
650 0 4 _aCIGARET
650 0 4 _aLIGHTER - HISTORY
942 _2ddc
_cBK
999 _c15766
_d15766